000
00273nam a2200121Ia 4500
005
20251222141807.0
008
251222s9999||||xx |||||||||||||| ||spa||
082
_a
869.56/M19
100
_a
"Malca, Oscar"
245
0
_a
Al final de la calle
250
_a
5a.ed.
942
_c
LIB
999
_c
6347
_d
6347